| 000 | 01319nab a22002417a 4500 | ||
|---|---|---|---|
| 999 |
_c5605 _d5605 |
||
| 003 | OSt | ||
| 005 | 20251222102857.0 | ||
| 008 | 190429b xxu||||| |||| 00| 0 spa d | ||
| 040 | _cPJ | ||
| 100 |
_96580 _aCarrió, Francisco |
||
| 245 | 1 | 3 |
_aLa prescripción de la acción penal y el fallo "Levinas". Necesidad de una reforma al art. 67 del Código Penal / _cFrancisco Carrió. |
| 260 |
_cCiudad Autónoma de Buenos Aires : _aThomson Reuters La Ley, _b2025. |
||
| 300 | _ap. 5-7 | ||
| 500 | _aCita: AR/DOC/1252/2025. | ||
| 505 | _aSumario: I. Introducción.— II. Consecuencias de la instancia adicional en materia penal.— III. ¿Cuándo prescribe la acción penal respecto de una persona condenada?— IV. ¿Cuándo queda firme una sentencia condenatoria?— V. Posibles consecuencias del agregado de una instancia adicional.— VI. Propuesta de reforma legislativa. | ||
| 505 | _tSi te interesa el texto completo, solicitalo a koha@justierradelfuego.gov.ar | ||
| 650 | 0 |
_9343 _aDERECHO PENAL |
|
| 650 | 0 |
_9822 _aCORTE SUPREMA DE JUSTICIA DE LA NACION |
|
| 650 | 0 |
_92397 _aCOMPETENCIA |
|
| 650 | 0 |
_93972 _aCOMPETENCIA CIVIL |
|
| 773 | 0 |
_02658 _93164 _tRevista de derecho penal y criminología. Nº 7 - Agosto 2025 _dCiudad Autónoma de Buenos Aires : Thomson Reuters La Ley, 2017- _x00347914 |
|
| 942 |
_2udc _cANA |
||